[Event "KNSB meesterklasse"]
[Site "Amsterdam"]
[Date "2000.02.05"]
[Round "1"]
[White "Winants, Luc"]
[Black "Glek, Igor Vladimirovich"]
[Result "1-0"]
[WhiteElo "2510"]
[BlackElo "2554"]
[EventDate "2000.02.05"]
[WhiteTeam "Rotterdam"]
[BlackTeam "Magnus/BSG"]
[Board "3"]
[WhiteTitle "GM"]
[BlackTitle "GM"]
[Source "365chess.com"]

1.d4 Nf6 2.Nf3 g6 3.Nc3 d5 4.Bf4 Bg7 5.e3 O-O 6.Be2 c6 7.Ne5 Nfd7 8.Nd3 f6
9.Qd2 e5 10.Bg3 Qe7 11.O-O-O Nb6 12.Nc5 f5 13.f4 e4 14.Qe1 N8d7 15.Bh4 Qf7
16.Nxd7 Bxd7 17.Nb1 c5 18.Na3 Rfc8 19.c3 cxd4 20.exd4 Na4 21.Kb1 Qe6 22.
Ka1 Qd6 23.c4 Qxf4 24.Bg3 Qg5 25.Be5 Qe7 26.Bxg7 Kxg7 27.c5 b6 28.Ba6 bxc5
29.Bxc8 Rxc8 30.Qa5 c4 31.Nb1 Bc6 32.b3 Nb6 33.g3 Rb8 34.Rc1 Qb7 35.Nd2 e3
36.Nf3 cxb3 37.axb3 Nc4 38.Qa2 Qxb3 {According to Schaaknieuws Vol.14 
No.3, black lost on time.} 1-0

[Event "KNSB meesterklasse"]
[Site "Amsterdam"]
[Date "2000.02.05"]
[Round "1"]
[White "Bosch, Jeroen"]
[Black "Jadoul, Michel"]
[Result "1/2-1/2"]
[WhiteElo "2415"]
[BlackElo "2397"]
[EventDate "2000.02.05"]
[WhiteTeam "Magnus/BSG"]
[BlackTeam "Rotterdam"]
[Board "6"]
[WhiteTitle "IM"]
[BlackTitle "IM"]
[Source "365chess.com"]

1.e4 d5 2.exd5 Nf6 3.Bb5+ Bd7 4.Be2 Nxd5 5.d4 Bf5 6.Nf3 e6 7.O-O Be7 8.c3 
O-O 9.Qb3 Qc8 10.Na3 c5 11.c4 Nb4 12.Be3 b6 13.Rfd1 a6 14.Rd2 N8c6 15.d5 
Na5 16.Qd1 Rd8 17.Nb1 exd5 18.cxd5 Bxb1 19.Rxb1 Qf5 1/2-1/2

[Event "KNSB meesterklasse"]
[Site "Amsterdam"]
[Date "2000.02.06"]
[Round "2"]
[White "Jadoul, Michel"]
[Black "Solleveld, Maarten"]
[Result "1-0"]
[WhiteElo "2397"]
[BlackElo "2396"]
[EventDate "2000.02.05"]
[WhiteTeam "Rotterdam"]
[BlackTeam "Amstelveen"]
[Board "4"]
[WhiteTitle "IM"]
[Source "365chess.com"]

1.b3 e5 2.Bb2 Nc6 3.e3 d6 4.c4 g6 5.Nc3 Bg7 6.g3 Nh6 7.Bg2 O-O 8.Nge2 Bf5 
9.d3 Qd7 10.Nd5 Be6 11.Qd2 Rab8 12.O-O Bh3 13.Bxh3 Qxh3 14.Nec3 Qd7 15.d4 
exd4 16.exd4 Qh3 17.Ne4 Qf5 18.f3 Rbc8 19.g4 Nxg4 20.Ng3 Qd7 21.fxg4 Qxg4 
22.Nf6+ Bxf6 23.Rxf6 Rce8 24.Raf1 h5 25.R6f4 Qg5 26.Qg2 h4 27.Ne4 Qxg2+ 
28.Kxg2 f5 29.Nc3 Re3 30.Rxh4 Rfe8 31.Nd5 1-0

[Event "KNSB meesterklasse"]
[Site "Hengelo"]
[Date "2000.02.26"]
[Round "3"]
[White "Chuchelov, Vladimir"]
[Black "van Kooten, Luuk"]
[Result "1-0"]
[WhiteElo "2518"]
[BlackElo "2325"]
[EventDate "2000.02.05"]
[WhiteTeam "Magnus/BSG"]
[BlackTeam "Groningen"]
[Board "3"]
[WhiteTitle "GM"]
[Source "365chess.com"]

1.Nf3 Nf6 2.c4 g6 3.Nc3 d5 4.cxd5 Nxd5 5.Qb3 Nb6 6.d4 Bg7 7.Bg5 h6 8.Bh4 
Be6 9.Qc2 Nc6 10.Rd1 Nb4 11.Qb1 O-O 12.e3 Bf5 13.e4 Bg4 14.Be2 Bxf3 15.
Bxf3 Nc6 16.d5 Nd4 17.Qd3 Qd7 18.O-O Rac8 19.Rfe1 g5 20.Bg3 c6 21.h4 g4 
22.dxc6 Rxc6 23.Be2 Nc4 24.e5 Nxe2+ 25.Qxe2 Qe6 26.Nb5 Rc5 27.Nd4 Qc8 28.
b4 Rxe5 29.Bxe5 Nxe5 30.Qe4 e6 31.Nb5 a6 32.Nd6 Qc3 33.Re3 Qc6 34.Nxb7 Qa4
35.Rd2 f5 36.Qf4 Qb5 37.Nd6 Qc6 38.Re1 Ng6 39.Qe3 e5 40.Qb3+ 1-0

[Event "KNSB meesterklasse"]
[Site "Hengelo"]
[Date "2000.02.26"]
[Round "3"]
[White "Jadoul, Michel"]
[Black "van der Erf, Remco"]
[Result "1-0"]
[WhiteElo "2397"]
[BlackElo "2251"]
[EventDate "2000.02.05"]
[WhiteTeam "Rotterdam"]
[BlackTeam "LSG"]
[Board "5"]
[WhiteTitle "IM"]
[Source "365chess.com"]

1.b3 g6 2.Bb2 Nf6 3.c4 Bg7 4.g3 d6 5.Bg2 O-O 6.Nf3 e5 7.d3 Nc6 8.O-O Nh5 
9.Nc3 f5 10.a3 a5 11.Nd2 Be6 12.Nd5 Qd7 13.b4 axb4 14.axb4 Rxa1 15.Qxa1 
Nd8 16.Qa5 Rf7 17.Ra1 h6 18.b5 Kh7 19.Qb4 Bf8 20.Ra8 c6 21.Qa5 cxd5 22.
Rxd8 Qe7 23.cxd5 Bd7 24.Rb8 Be8 25.b6 Qd7 26.Nc4 f4 27.Qd2 Qb5 28.Ba3 fxg3
29.hxg3 Qb1+ 30.Qc1 Qxc1+ 31.Bxc1 Bb5 32.Ba3 Bxc4 33.dxc4 Nf6 34.f3 h5 35.
Bh3 Bh6 36.Be6 Be3+ 37.Kg2 Rg7 38.Bxd6 Bxb6 1-0

[Event "KNSB meesterklasse"]
[Site "Rotterdam"]
[Date "2000.04.29"]
[Round "7"]
[White "Ljubojević, Ljubomir"]
[Black "Gurevich, Mikhail Naumovich"]
[Result "1/2-1/2"]
[WhiteElo "2559"]
[BlackElo "2694"]
[EventDate "2000.02.05"]
[WhiteTeam "HSG"]
[BlackTeam "Panfox Breda"]
[Board "3"]
[WhiteTitle "GM"]
[BlackTitle "GM"]
[Source "365chess.com"]

1.d4 d5 2.Nf3 Nf6 3.c4 c6 4.Nc3 e6 5.e3 Nbd7 6.Qc2 Bd6 7.Be2 O-O 8.O-O 
dxc4 9.Bxc4 e5 10.h3 Qe7 11.a3 Bb8 12.Ba2 h6 13.Nh4 Rd8 14.Nf5 Qe8 15.Bd2 
Nf8 16.Rad1 Qd7 17.Ng3 exd4 18.exd4 Qc7 19.Be3 Be6 20.Rfe1 Bxa2 21.Nxa2 
Ne6 22.Nc3 Nd5 23.Bc1 Qe7 24.Nge4 Qh4 25.Nxd5 cxd5 26.Nc5 Nxc5 27.dxc5 Bc7
28.b4 Re8 29.Qd3 Qc4 30.Qxc4 dxc4 31.Kf1 Rxe1+ 32.Kxe1 Re8+ 33.Kd2 b5 34.
cxb6 Bxb6 35.Kc3 Bxf2 36.Kxc4 f5 37.a4 Re4+ 38.Kb3 Be1 39.Rd8+ Kf7 40.Bd2 
Ke7 41.Rd3 Bf2 1/2-1/2

[Event "KNSB meesterklasse"]
[Site "Rotterdam"]
[Date "2000.04.29"]
[Round "7"]
[White "Chuchelov, Vladimir"]
[Black "Smeets, Jan"]
[Result "1-0"]
[WhiteElo "2518"]
[BlackElo "2178"]
[EventDate "2000.02.05"]
[WhiteTeam "Magnus/BSG"]
[BlackTeam "LSG"]
[Board "1"]
[WhiteTitle "GM"]
[Source "365chess.com"]

1.Nf3 d5 2.d4 c6 3.c4 Nf6 4.Qc2 e6 5.g3 Bd6 6.Bg2 Nbd7 7.O-O O-O 8.Nbd2 
Re8 9.Re1 b6 10.e4 Nxe4 11.Nxe4 dxe4 12.Qxe4 Bb7 13.Bf4 Nf6 14.Qe3 Bxf4 
15.Qxf4 c5 16.Rad1 cxd4 17.Rxd4 Qe7 18.Ne5 Bxg2 19.Kxg2 b5 20.cxb5 Qb7+ 
21.Qf3 Qxb5 22.b3 Rad8 23.Rf4 Rd5 24.Rxf6 gxf6 25.Ng4 Kf8 26.Qxf6 Qc6 27.
Kg1 Rf5 28.Qh6+ Ke7 29.Qh4+ Kf8 30.Ne3 Qc3 31.Rd1 Re5 32.Qxh7 Rc8 33.Rd7 
Rf5 34.Nxf5 Qc1+ 35.Kg2 Qc6+ 36.Kh3 1-0

[Event "KNSB meesterklasse"]
[Site "Rotterdam"]
[Date "2000.04.29"]
[Round "7"]
[White "Winants, Luc"]
[Black "Deegens, Vincent"]
[Result "1-0"]
[WhiteElo "2510"]
[BlackElo "2313"]
[EventDate "2000.02.05"]
[WhiteTeam "Rotterdam"]
[BlackTeam "SMB"]
[Board "2"]
[WhiteTitle "GM"]
[Source "365chess.com"]

1.d4 d5 2.c4 c6 3.Nc3 Nf6 4.e3 a6 5.Bd3 b5 6.b3 Bg4 7.Nge2 e6 8.O-O Nbd7 
9.Qc2 Bh5 10.Nf4 Bg6 11.Bxg6 hxg6 12.cxd5 exd5 13.e4 Be7 14.e5 Nh5 15.e6 
Nf8 16.Ncxd5 fxe6 17.Qxc6+ Kf7 18.Nxe7 Kxe7 19.Qb7+ Kf6 20.Nh3 Nh7 21.Qf3+
1-0

[Event "KNSB meesterklasse"]
[Site "Rotterdam"]
[Date "2000.04.29"]
[Round "7"]
[White "Jadoul, Michel"]
[Black "Aubel, Jochem"]
[Result "1-0"]
[WhiteElo "2397"]
[BlackElo "2298"]
[EventDate "2000.02.05"]
[WhiteTeam "Rotterdam"]
[BlackTeam "SMB"]
[Board "6"]
[WhiteTitle "IM"]
[Source "365chess.com"]

1.b3 e5 2.Bb2 d6 3.c4 g6 4.g3 Bg7 5.Bg2 Nf6 6.Nc3 O-O 7.d3 c6 8.e4 Na6 9.
Nge2 Nc7 10.O-O Re8 11.d4 exd4 12.Nxd4 Ne6 13.Nxe6 Bxe6 14.Qd2 Qa5 15.Rad1
Qh5 16.Qxd6 Ng4 17.h3 Ne5 18.f4 Bxc4 19.g4 Qh4 20.bxc4 Rad8 21.fxe5 Rxd6 
22.exd6 Qg5 23.Kh1 Rd8 24.e5 Qxe5 25.Rfe1 Qf4 26.Re4 Qg3 27.Ne2 Qf2 28.d7 
Bxb2 29.Re8+ Kg7 30.Rxd8 Qxe2 31.Rg8+ 1-0

[Event "KNSB meesterklasse"]
[Site "Rotterdam"]
[Date "2000.04.30"]
[Round "8"]
[White "Gurevich, Mikhail Naumovich"]
[Black "Revers, Eugene"]
[Result "1-0"]
[WhiteElo "2694"]
[BlackElo "2257"]
[EventDate "2000.02.05"]
[WhiteTeam "Panfox Breda"]
[BlackTeam "Magnus/BSG"]
[Board "1"]
[WhiteTitle "GM"]
[Source "365chess.com"]

1.c4 f5 2.Nc3 Nf6 3.g3 g6 4.Bg2 Bg7 5.Nf3 d6 6.d4 O-O 7.O-O Qe8 8.d5 Na6 
9.Rb1 Bd7 10.b4 c6 11.dxc6 Bxc6 12.Qb3 Ne4 13.Bb2 Nxc3 14.Bxc3 Bxc3 15.
Qxc3 Rc8 16.Qd4 Be4 17.Nd2 Bxg2 18.Kxg2 Qc6+ 19.Kg1 Nc7 20.Qxa7 Ra8 21.Qe3
Rxa2 22.Rfd1 Rfa8 23.c5 dxc5 24.bxc5 Nd5 25.Qe5 e6 26.Nf3 Qa6 27.Nd4 Nc3 
28.Nxe6 Nxe2+ 29.Kg2 1-0

[Event "KNSB meesterklasse"]
[Site "Rotterdam"]
[Date "2000.04.30"]
[Round "8"]
[White "Chuchelov, Vladimir"]
[Black "Movsesian, Sergei"]
[Result "1/2-1/2"]
[WhiteElo "2518"]
[BlackElo "2668"]
[EventDate "2000.02.05"]
[WhiteTeam "Magnus/BSG"]
[BlackTeam "Panfox Breda"]
[Board "2"]
[WhiteTitle "GM"]
[BlackTitle "GM"]
[Source "365chess.com"]

1.Nf3 Nf6 2.c4 g6 3.Nc3 Bg7 4.e4 d6 5.d4 O-O 6.Be2 e5 7.O-O c6 8.Qc2 exd4 
9.Nxd4 Re8 10.Rd1 Qe7 11.f3 Nh5 12.Bf1 Nd7 13.Be3 f5 14.Bf2 f4 15.b4 Ne5 
16.Rac1 Qg5 17.c5 dxc5 18.bxc5 Ng3 19.Nce2 Nxf1 20.Kxf1 Qf6 21.Rb1 Kh8 22.
Nc1 g5 23.Nd3 Ng6 24.Nb2 Ne5 25.Nc4 Nxc4 26.Qxc4 g4 27.Qc2 Qh6 28.Kg1 Qg6 
29.Kh1 Be5 30.Rb3 Qh5 31.Nf5 Be6 32.Ra3 g3 33.Bg1 Bxf5 34.exf5 Re7 1/2-1/2

[Event "KNSB meesterklasse"]
[Site "Rotterdam"]
[Date "2000.04.30"]
[Round "8"]
[White "Cherniaev, Alexander"]
[Black "Winants, Luc"]
[Result "1/2-1/2"]
[WhiteElo "2460"]
[BlackElo "2510"]
[EventDate "2000.02.05"]
[WhiteTeam "Groningen"]
[BlackTeam "Rotterdam"]
[Board "2"]
[WhiteTitle "IM"]
[BlackTitle "GM"]
[Source "365chess.com"]

1.e4 e5 2.Nf3 Nc6 3.Bb5 a6 4.Ba4 Nf6 5.O-O Be7 6.Qe2 b5 7.Bb3 O-O 8.c3 d6 
9.Rd1 Bg4 10.h3 Bh5 11.d3 Na5 12.Bc2 c5 13.Nbd2 Nd7 14.Nf1 Nb6 15.g4 Bg6 
16.Ng3 Nc6 17.d4 cxd4 18.cxd4 exd4 19.Nxd4 Nxd4 20.Rxd4 d5 21.Bb3 Bc5 22.
Rd1 Qc7 23.Be3 Bxe3 24.Qxe3 dxe4 25.Rac1 Nc4 26.Bxc4 bxc4 27.b3 Qa5 28.
Rxc4 1/2-1/2

[Event "KNSB meesterklasse"]
[Site "Rotterdam"]
[Date "2000.04.30"]
[Round "8"]
[White "Jadoul, Michel"]
[Black "Visser, Yge"]
[Result "1/2-1/2"]
[WhiteElo "2397"]
[BlackElo "2406"]
[EventDate "2000.02.05"]
[WhiteTeam "Rotterdam"]
[BlackTeam "Groningen"]
[Board "5"]
[WhiteTitle "IM"]
[BlackTitle "FM"]
[Source "365chess.com"]

1.b3 e5 2.Bb2 d6 3.c4 g6 4.d4 Bg7 5.dxe5 Nd7 6.Qd2 dxe5 7.Nf3 Qe7 8.Nc3 
Ngf6 9.Nb5 O-O 10.Nxc7 e4 11.Nd4 Rb8 12.e3 a6 13.Nd5 1/2-1/2

[Event "KNSB meesterklasse"]
[Site "Utrecht"]
[Date "2000.05.20"]
[Round "9"]
[White "Brenninkmeijer, Joris"]
[Black "Jadoul, Michel"]
[Result "1-0"]
[WhiteElo "2499"]
[BlackElo "2397"]
[EventDate "2000.02.05"]
[WhiteTeam "HSG"]
[BlackTeam "Rotterdam"]
[Board "5"]
[WhiteTitle "IM"]
[BlackTitle "IM"]
[Source "365chess.com"]

1.d4 c5 2.d5 e5 3.e4 d6 4.Nf3 g6 5.Nc3 Bg7 6.Bb5+ Nd7 7.a4 a6 8.Be2 Ne7 9.
h4 Nf6 10.Nd2 b6 11.h5 gxh5 12.Bxh5 Rb8 13.Qe2 Qd7 14.b3 Ng6 15.g3 Nxh5 
16.Rxh5 O-O 17.Bb2 b5 18.f3 c4 19.bxc4 bxa4 20.Ba3 Qc7 21.Kf2 f5 22.Rah1 
f4 23.g4 Bf6 24.Rxh7 Rf7 25.R7h6 Rg7 26.c5 Qd8 27.Qc4 Bh4+ 28.Ke2 Bxg4 29.
fxg4 Qg5 30.Nf3 Qxh6 31.c6 1-0

[Event "KNSB meesterklasse, Play-offs"]
[Site "Breda"]
[Date "2000.06.01"]
[Round "1"]
[White "Chuchelov, Vladimir"]
[Black "Piket, Jeroen"]
[Result "0-1"]
[WhiteElo "2518"]
[BlackElo "2633"]
[EventDate "2000.02.05"]
[WhiteTeam "Magnus/BSG"]
[BlackTeam "HSG"]
[Board "2"]
[WhiteTitle "GM"]
[BlackTitle "GM"]
[Source "365chess.com"]

1.Nf3 d5 2.d4 Nf6 3.c4 e6 4.Bg5 dxc4 5.Qa4+ Nbd7 6.g3 a6 7.Qxc4 b5 8.Qc6 
Rb8 9.Bxf6 gxf6 10.Bg2 Bb7 11.Qc2 c5 12.dxc5 Bxc5 13.O-O Rc8 14.Qb3 h5 15.
Nc3 Bxf3 16.Bxf3 h4 17.Ne4 Qb6 18.Rac1 hxg3 19.hxg3 Ke7 20.Rfd1 Ne5 21.Bg2
a5 22.a4 bxa4 23.Qxa4 Bb4 24.e3 Rhd8 25.Rxc8 Rxc8 26.Qb3 Qc7 27.f4 Ng4 28.
Bf3 f5 29.Bxg4 fxe4 30.Rd4 Rg8 31.Qd1 f5 32.Be2 Bc5 33.Qc2 Rxg3+ 34.Kf1 
Rxe3 35.Rc4 Qxf4+ 36.Ke1 Bb4+ 0-1

[Event "KNSB meesterklasse, Play-offs"]
[Site "Breda"]
[Date "2000.06.02"]
[Round "2"]
[White "Hausrath, Daniel"]
[Black "Chuchelov, Vladimir"]
[Result "1/2-1/2"]
[WhiteElo "2446"]
[BlackElo "2518"]
[EventDate "2000.02.05"]
[WhiteTeam "ESGOO"]
[BlackTeam "Magnus/BSG"]
[Board "1"]
[WhiteTitle "IM"]
[BlackTitle "GM"]
[Source "365chess.com"]

1.Nf3 Nf6 2.g3 d5 3.Bg2 c6 4.c4 dxc4 5.O-O Nbd7 6.Qc2 Nb6 7.a4 a5 8.Na3 
Qd5 9.Ne1 Qe6 10.d3 cxd3 11.Nxd3 g6 12.Nf4 Qe5 13.Bd2 Bg7 14.Bxc6+ bxc6 
15.Qxc6+ Bd7 16.Qxb6 O-O 17.Bc3 Qf5 18.Nc4 Rfb8 19.Qd4 g5 20.Ne3 Qe4 21.
Nd3 Bh3 22.Qxe4 Nxe4 23.Rfc1 Nxc3 24.bxc3 Rb3 25.Nd5 e6 26.Nc7 Rc8 27.Nb5 
Rc4 28.Ra2 Bf5 29.Rb2 Rxb2 30.Nxb2 Rc6 31.f3 g4 32.Kf2 h5 33.f4 Be4 34.Nd3
Bd5 35.Ne5 Rc5 36.Nd3 Rc4 37.Nb2 Rc6 38.Ke3 Bb3 39.Nd4 Rb6 40.Nb5 Bxa4 41.
Nxa4 Rxb5 42.Kd3 Kf8 43.Kc4 Rb8 44.Rc2 Ke7 45.e4 Kd6 46.Ra2 Kc6 47.Nc5 Rb5
48.Nb3 Kb6 49.Rd2 Kc6 50.Ra2 Kb6 1/2-1/2

[Event "KNSB competition, Division 1b"]
[Site "Sas van Gent"]
[Date "2000.02.26"]
[Round "6"]
[White "Van der Stricht, Geert"]
[Black "Janssen, Ruud"]
[Result "1/2-1/2"]
[WhiteElo "2361"]
[BlackElo "2414"]
[EventDate "1999.09.18"]
[WhiteTeam "HWP Sas van Gent"]
[BlackTeam "Panfox Breda"]
[Board "2"]
[WhiteTitle "FM"]
[BlackTitle "IM"]
[Source "Schaaknieuws Vol.14 No.5"]

1.d4 Nf6 2.c4 Nc6 3.Nf3 e6 4.g3 d5 5.Bg2 dxc4 6.Qa4 Nd7 7.Qxc4 Nb6 8.Qd3 
e5 9.Nxe5 Nb4 10.Qb3 Be6 11.Qd1 Qxd4 12.Qxd4 Nc2+ 13.Kd1 Nxd4 14.e3 f6 15.
exd4 fxe5 16.Bxb7 Rd8 17.Nc3 Rxd4+ 18.Ke1 Bb4 19.a3 Bxc3+ 20.bxc3 Rd3 21.
Be4 Rxc3 22.Bd2 Rc4 23.Bd3 Rd4 24.Bb5+ Bd7 25.Bxd7+ Kxd7 26.Be3 Ra4 27.Ke2
Nd5 28.Rhd1 c6 29.Bc5 {Drawn by repetition on move 58, is all my source 
says.} 1/2-1/2

[Event "KNSB competition, Division 1b"]
[Site "Sas van Gent"]
[Date "2000.02.26"]
[Round "6"]
[White "Hommeles, Theo"]
[Black "Deleyn, Gunter"]
[Result "0-1"]
[WhiteElo "2349"]
[BlackElo "2182"]
[EventDate "1999.09.18"]
[WhiteTeam "Panfox Breda"]
[BlackTeam "HWP Sas van Gent"]
[Board "3"]
[BlackTitle "FM"]
[Source "Schaaknieuws Vol.14 No.5"]

1.e4 g6 2.d4 Bg7 3.Nc3 d6 4.Nf3 Nf6 5.Be2 O-O 6.O-O Bg4 7.h3 Bxf3 8.Bxf3 
Nc6 9.d5 Ne5 10.Be2 c6 11.f4 Ned7 12.Bf3 Nb6 13.dxc6 bxc6 14.Qe1 Qc7 15.
Kh1 Rfe8 16.g4 Nfd7 17.Bg2 Rab8 18.b3 Nc5 19.Bd2 Nbd7 20.Rc1 Ne6 21.Nd1 
Nd4 22.c3 Ne6 23.Rc2 a5 24.Ne3 Nec5 25.Qh4 Nf6 26.e5 dxe5 27.fxe5 Qxe5 28.
Nc4 Qe2 29.Re1 Qd3 30.Rcc1 Nfe4 31.Re3 Qd5 32.Rce1 Bf6 33.g5 Bxg5 34.Bxe4 
Bxh4 35.Bxd5 cxd5 36.Nxa5 Bxe1 37.Bxe1 e6 38.Nc6 Ra8 39.Re2 Rac8 40.Ne5 f6
41.Ng4 Kg7 42.Bh4 g5 43.Be1 Nd3 44.Bd2 h5 45.Nh2 Nf4 46.Re3 d4 47.cxd4 Rc2
48.Nf1 Rxa2 49.Rf3 Nd5 50.h4 g4 51.Rf2 Kg6 52.Re2 Rb2 53.b4 Ra8 54.Rxe6 
Ra1 0-1

[Event "KNSB competition, Division 1b"]
[Site "Sas van Gent"]
[Date "2000.02.26"]
[Round "6"]
[White "De Bruycker, Bernard"]
[Black "Van Beers, Eddy"]
[Result "0-1"]
[WhiteElo "2202"]
[BlackElo "2320"]
[EventDate "1999.09.18"]
[WhiteTeam "HWP Sas van Gent"]
[BlackTeam "Panfox Breda"]
[Board "8"]
[Source "Schaaknieuws Vol.14 No.5"]

1.Nf3 f5 2.c4 Nf6 3.Nc3 g6 4.g3 Bg7 5.Bg2 d6 6.d3 O-O 7.Rb1 e5 8.b4 h6 9.
Qb3 Kh7 10.O-O Be6 11.Nd5 Nbd7 12.Ba3 b5 13.Nd2 bxc4 14.Nxf6+ Qxf6 15.Qc2 
cxd3 16.exd3 Rac8 17.Bb7 Rb8 18.Qxc7 Bxa2 19.Ra1 Qd8 20.Rfc1 Bg8 21.Bb2 
Nc5 22.Qxd8 Rfxd8 23.bxc5 Rxb7 24.Ba3 dxc5 25.Bxc5 Rxd3 26.Nf1 Rdd7 27.Ra5
f4 28.h4 Rbc7 29.Rca1 Rd5 30.Bxa7 Rxa5 31.Rxa5 Rc1 32.Rc5 Rxc5 33.Bxc5 Bf6
34.Bd6 Bd5 35.gxf4 exf4 36.Bxf4 Bxh4 {And black won, but my source gives 
no further moves.} 0-1